| 000 | 01153nam a2200241Ia 4500 | ||
|---|---|---|---|
| 999 |
_c55167 _d55167 |
||
| 001 | 22242 | ||
| 003 | GE_BSU | ||
| 005 | 20230214120320.0 | ||
| 008 | 181216s2011||||ge |||||||||||||| ||geo|| | ||
| 020 | _a9789941132018 | ||
| 040 | _cGE_BSU | ||
| 041 | _a geo | ||
| 080 | _a821.353.1.09 კ-49 | ||
| 100 |
_aკიკაჩეიშვილი, თენგიზ _915689 |
||
| 245 |
_aთეორიულ–ლიტერატურული ნარკვევები / _cთენგიზ კიკაჩეიშვილი ; რედაქტორი ირმა რატიანი. |
||
| 264 |
_aთბილისი : _bთსუ-ს გამომცემლობა, _c2011. |
||
| 300 |
_a317 გვ. ; _c 20 სმ. |
||
| 541 | _h17 ლ. | ||
| 653 | _aთეორიულ–ლიტერატურული ნარკვევები | ||
| 700 |
_aრატიანი, ირმა _eრედაქტორი _95778 |
||
| 710 |
_aივანე ჯავახიშვილის თბილისის სახელმწიფო უნივერსიტეტი _916906 |
||
| 942 |
_cBK _2udc |
||